Statistics for Click to Add Dice Values

Click here to take the quiz!

General Stats

  • This quiz has been taken 131 times
  • The average score is 30 of 36

Answer Stats

HintAnswer% Correct
3+25
99%
1+34
97%
5+611
96%
1+45
96%
4+37
96%
1+67
96%
5+38
96%
6+410
95%
2+24
95%
4+15
95%
1+56
95%
6+17
95%
2+68
95%
4+48
95%
4+26
94%
3+36
94%
3+47
94%
2+57
94%
3+58
94%
6+39
94%
4+59
94%
5+49
94%
6+612
92%
2+35
88%
5+27
88%
5+16
86%
5+510
84%
6+28
79%
2+46
73%
2+13
70%
3+14
65%
3+69
55%
1+12
47%
1+23
44%
6+511
32%
4+610
27%

Score Distribution

Percentile by Number Answered

Percent of People with Each Score

Your Score History

You have not taken this quiz